Responses for Show #157 - Tuesday, April 16, 1985

Single-player Final Jeopardy!

Contestants

[<< previous game]

Tom Smith, a marketing manager from Palo Alto, California

Matthew Hubbard, a computer game designer from Palo Alto, California

Marilyn Campbell, a technical writer originally from Minneapolis, Minnesota

[next game >>]

Jeopardy! Round responses

SINGERS & DANCERS
LANGUAGES
NOSTALGIA
POLITICAL QUOTES
AUSTRALIA
GAME SHOWS
    $100 21
Astaire & Rogers

Matt
    $100 1
Italian

Tom
    $100 6
(Alex: You're older than I thought.)
[Audience laughter]
(Tom: Can I leave now?)

a poodle

Tom
    $100 16
Mussolini

Tom
    $100 11
Qantas

Tom
    $200 2
computer language

Marilyn
    $200 7
a box top

Matt
    $200 17
President Ford

Matt
    $200 12
Melbourne

Matt
    $300 3
(2 of) Switzerland, Liechtenstein, Luxembourg and Austria

Tom
    $300 8
(Tom: I got one of the first ones, too, Alex.)

green stamps (trading stamps)

Tom
    $300 18
Abraham Lincoln

Tom
    $700 13
"Tie Me Kangaroo Down, Sport"

Matt
    $400 4
the Philippines

Matt
    $400 9
Guy Lombardo

Matt
    $400 19
(Alex: And we've got about a minute left to go in the round.)

(Tom) Hayden

Tom
    $400 14
(Tom: What is the eucalyptus tree?)

a lake (or a pond)

Tom
Triple Stumper
    $500 22
(Anna) Pavlova

Matt
    $500 5
Basque

Tom
    $500 10
(Matt: That's all, folks. Sorry.)
...
(Alex: Now you remember. See, that's the kind of reaction we want. If you're not going to come up with a correct question, at least when we give it to you, you're supposed to go, "Oh, of course. Why didn't I know that?")

Bon Ami

Matt
Triple Stumper
    $500 20
(Tom: Who is Adolf Hitler?)

(Joe) McCarthy

MarilynTom
    $500 15
Perth

Tom
    $500 23
(Tom: What is "it's what you do"?)
[The end-of-round signal sounds.]

"it's what you don't say"

MattTom

Scores at the first commercial break (after clue 10):

Marilyn Matt Tom
$200 $500 $1,300

Scores at the end of the Jeopardy! Round:

Marilyn Matt Tom
$700 $2,700 $1,300

Double Jeopardy! Round responses

THE BIBLE
FAMILIAR PHRASES
WORLD HISTORY
U.S. CITIES
BEST PICTURES
7 WONDERS
    $200 13
Daniel

Tom
    $200 1
success

Tom
    $200 18
Scotland

Matt
    $200 7
El Paso

Tom
    $200 6
One Flew Over The Cuckoo's Nest

Tom
    $400 16
(Tom: What is incense?)

(olive) oil

Tom
Triple Stumper
    $400 2
"See you later, alligator"

Marilyn
    $400 19
the Hindenburg

Matt
    $400 8
Wichita, Kansas

Matt
    $400 9
(Tom: What are...)

Patton

MattTom
    $600 17
(Tom: What is the Jewish and...)
(Alex: Sorry, wrong.)
(Marilyn: What is the Old Testament?)
(Matt: What is the Protestant Bible?)

the Catholic Bible

MarilynMattTom
Triple Stumper
    $600 3
(Tom: What is on the ceiling?)

on the house

Tom
Triple Stumper
    $600 20
(Tom: What is Angola?)
...
(Alex: With about a minute left to go.)

the Belgian Congo (Zaire)

MattTom
    $600 14
New York City

Matt
    $600 10
(Tom: What is...)

Annie Hall

MattTom
    $800 4
Paradise Lost

Matt
    $800 21
Napoleon

Matt
    $800 15
(Tom: What is Boston?)

Washington, D.C.

Tom
Triple Stumper
    $800 11
(Matt: What are The Ten Commandments?)
...
(Alex: With about 80 different stars making cameo appearances.)

Around The World In 80 Days

Matt
Triple Stumper
    $1,000 25
(Tom: Who is Ruth?)
...
[The end-of-round signal sounds.]

(1 of) Miriam, Deborah, Huldah, Noadiah & Anna

Tom
    $1000 5
knock on wood

Matt
    $1000 22
Avignon

Tom
    $1000 23
(Tom: What is Raleigh?)
(Matt: What is Salem Hill?)
(Marilyn: What is Asheville?)

Chapel Hill

MarilynMattTom
Triple Stumper
    $1000 12
(Alex: And the other film, of course, was It Happened One Night.)

Mutiny on the Bounty

Matt
    $1000 24
the Colossus of Rhodes

Tom

Scores at the end of the Double Jeopardy! Round:

Marilyn Matt Tom
-$500 $7,100 -$1,900
(lock game)

[wagering suggestions for these scores]

Final Jeopardy! Round responses

BOOKS & AUTHORS
[The "Think!" music ended early as Matt had completed his response.]
...
[After Matt was ruled correct, he pantomimed hitting a home run.]
MattWho is Truman Capote?
$5,000
Truman Capote

Final scores:

Marilyn Matt Tom
-$500 $12,100 -$1,900
2nd place: trip to Palm Springs + Crown Luggage luggage set New champion: $12,100 3rd place: Frigidaire refrigerator/freezer

Game dynamics:

Coryat scores:

Marilyn Matt Tom
-$500 $6,700 -$900
3 R,
2 W
20 R
(including 1 DD),
4 W
16 R,
12 W
(including 1 DD)

Combined Coryat: $5,300

[game clues] [game scores] [suggest correction]

Game tape date: 1984-12-19
The J! Archive is created by fans, for fans. Scraping, republication, monetization, and malicious use prohibited; this site may use cookies and collect identifying information. See terms. The Jeopardy! game show and all elements thereof, including but not limited to copyright and trademark thereto, are the property of Jeopardy Productions, Inc. and are protected under law. This website is not affiliated with, sponsored by, or operated by Jeopardy Productions, Inc. Join the discussion at JBoard.tv.